Разностный метод осциллографической полярографии: автореферат диссертации на соискание ученой степени кандидата физико-математических наук

Бібліографічні деталі
Автор: Поздеев Н. М.
Співавтор: Казанский государственный университет (КГУ) Кафедра физики молекулярных и тепловых явлений
Мова:Російська
Опубліковано: Уфа, [Б. и.], 1959
Предмети:
Формат: Книга
KOHA link:https://koha.lib.tpu.ru/cgi-bin/koha/opac-detail.pl?biblionumber=340768

MARC

LEADER 00000nam0a2200000 4500
001 340768
005 20231102005256.0
035 |a (RuTPU)RU\TPU\book\367710 
090 |a 340768 
100 |a 20180405d1959 k y0rusy50 ca 
101 0 |a rus 
102 |a RU 
105 |a y dm 001zy 
200 1 |a Разностный метод осциллографической полярографии  |e автореферат диссертации на соискание ученой степени кандидата физико-математических наук  |f Н. М. Поздеев  |g Казанский государственный университет (КГУ), Кафедра физики молекулярных и тепловых явлений 
210 |a Уфа  |c [Б. и.]  |d 1959 
215 |a 10 с. 
320 |a Библиогр.: с. 10 (3 назв.) 
606 1 |a Полярография осциллографическая  |2 stltpush  |3 (RuTPU)RU\TPU\subj\50823  |9 69457 
610 1 |a электроаналитическая химия 
610 1 |a разностные методы 
610 1 |a полярограммы 
610 1 |a электродные процессы 
610 1 |a электровосстановление 
610 1 |a авторефераты диссертаций 
610 1 |a библиотека А. Г. Стромберга 
675 |a 543.552(04)  |v 4 
700 1 |a Поздеев  |b Н. М. 
712 0 2 |a Казанский государственный университет (КГУ)  |b Кафедра физики молекулярных и тепловых явлений  |c (1804-2010)  |2 stltpush  |3 (RuTPU)RU\TPU\col\215 
801 1 |a RU  |b 63413507  |c 20180405 
801 2 |a RU  |b 63413507  |c 20180503  |g RCR 
942 |c BK